Personálny marketing vo vybranom podniku diplomová práca

Uložené v:
Podrobná bibliografia
Hlavný autor: Škapurová, Lenka
Korporativný autor: Fakulta podnikového manažmentu EU. Katedra manažmentu
Ďalší autori: Matkovčíková, Natália, 1982-
Médium: Kniha
Jazyk:Slovak
Vydavateľské údaje: Bratislava 2018
Tagy: Pridať tag
Žiadne tagy, Buďte prvý, kto otaguje tento záznam!

MARC

LEADER 00000nbm a2200000 4500
001 0244772
005 20180920131730.8
041 0 |a slo 
044 |a SK 
245 1 0 |a Personálny marketing vo vybranom podniku  |b diplomová práca  |c Lenka Škapurová ; školiteľ: Natália Matkovčíková 
264 1 |a Bratislava  |c 2018 
300 |a 71 s. 
100 1 |a Škapurová, Lenka 
700 1 |a Matkovčíková, Natália, 1982- 
710 2 |a Fakulta podnikového manažmentu EU. Katedra manažmentu